000 00611cam a2200229 4500
008 090401t1991 xxu||||| |||| 00| 0 eng d
020 _a0851255019
035 _a(Sirsi) u29472
041 _aeng
050 _a690
110 _aBuilding Research Establishment
245 _aDesign of timber floors to prevent decay.
260 _aGarston, Watford
_bBuilding Research Establishment
_c1991
300 _a4p. : ill. ; 30cm.
350 _a0
490 _aBRE Digest
_v364
650 _aDAMP
650 _aTIMBER
690 _aBUILT ENVIRONMENT-BUILDING PATHOLOGY
942 _n0
948 _c04/03/1997
999 _c89424
_d89424